Las Ketchup [ hijas del tomate
| Format: | Book |
|---|---|
| Published: |
s.l :
Sony Music Entertainment Inc ,
1995
|
| Subjects: |
MARC
| LEADER | 00000cam a2200000 7i4500 | ||
|---|---|---|---|
| 001 | 0000068310 | ||
| 005 | 20080526.0 | ||
| 090 | 0 | 0 | |a MUZ |b LAS |
| 245 | 0 | 0 | |a Las Ketchup [ |h cd music] : |b hijas del tomate |
| 260 | |a s.l : |b Sony Music Entertainment Inc , |c 1995 | ||
| 300 | |a 1 CD music (36 minutes) | ||
| 500 | |a Library has 1 copy | ||
| 650 | 0 | 0 | |a Songs |
| 650 | 0 | 0 | |a Songs, English |
| 999 | |a AV 05536 |b CD MUSIC |c PINJAMAN |e PERPUSTAKAAN KOMUNITI PETALING JAYA | ||